000 01044nac a22002531u 4500
010 _a 00055011
020 _a0071369481 (electronic bk.)
020 _a0071351639
082 0 0 _a384
_bP364
090 _c353
_d353
100 _aPecar, Joseph A.
245 1 4 _aThe new McGraw-Hill telecom factbook /
_cJoseph A. Pecar, David A. Garbin.
250 _a2nd ed.
260 _aNew York :
_bMcGraw Hill,
_cc2000.
300 _axxiv, 823 p. :
_bill. ;
_c24 cm.
650 0 _aTelecommunication.
700 1 _aGarbin, David A.
856 4 2 _3Contributor biographical information
_uhttp://www.loc.gov/catdir/bios/mh041/00055011.html
856 4 2 _uhttp://www.netLibrary.com/urlapi.asp?action=summary&v=1&bookid=50919
856 4 2 _3Publisher description
_uhttp://www.loc.gov/catdir/description/mh021/00055011.html
856 4 2 _3Table of contents
_uhttp://www.loc.gov/catdir/toc/mh021/00055011.html
942 _cBB
_k384P364
999 _c353
_d353